000 00443nab a2200145Ia 4500
003 ES-SlBCS
005 20210601135939.0
008 140529s1956 xxu||||| |||| 00| 0 spa d
041 _aspa
100 1 _aLeclerc, Ivor
_9140784
245 0 0 _aWhitehead. La transformación del concepto de substancia
_c Ivor Leclerc
600 1 4 _aWhitehead-Substancia
_9238466
773 0 _tConvivium
_gvol. 1, nº. 1, 1956, págs. 181-208
_wRev1513
942 _cAR
999 _c636798
_d636798